Legionáři (občané a rodáci) okresu Klatovy /

Hlavní autor: Jirák, Jan, 1975-
Jazyk: Čeština
Vydáno: Klatovy : Okresní muzeum, 2001
Vydání: Vyd. 1.
Témata:
Externí odkaz: Digitalizovaný dokument
Fyzický popis: 133 s. : il., faksim. ; 30 cm
Knihy
Uloženo v:
LEADER 01681nam a2200433 a 4500
001 000625171
003 CZ BrMZK
005 20090814094811.0
007 ta
008 020925s2001 xr e cze d
015 |a cnb001194861 
020 |a 80-86104-47-8 
035 |a (OCoLC)53271255 
040 |a BOA001  |b cze 
043 |a e-cs---  |a e-xr---  |b e-xr-pl  |2 czenas 
072 7 |a 355/359  |x Vojenství. Obrana země. Ozbrojené síly  |2 Konspekt  |9 15 
080 |a 355-051  |2 MRF 
080 |a 355.318.2  |2 MRF 
080 |a 94(100)"1914/1918"  |2 MRF 
080 |a (437)  |2 MRF 
080 |a (437.317)  |2 MRF 
080 |a (083.8)  |2 MRF 
100 1 |a Jirák, Jan,  |d 1975-  |7 pna2005261957  |4 aut 
245 1 0 |a Legionáři (občané a rodáci) okresu Klatovy /  |c [Jan Jirák] 
250 |a Vyd. 1. 
260 |a Klatovy :  |b Okresní muzeum,  |c 2001 
300 |a 133 s. :  |b il., faksim. ;  |c 30 cm 
500 |a Název z obálky 
504 |a Obsahuje bibliografické odkazy a bibliografii 
650 0 7 |a legionáři  |7 ph122227  |z Československo  |y 1914-1920  |2 czenas 
650 0 7 |a zahraniční vojenské jednotky  |7 ph137529  |z Československo  |y 1914-1920  |2 czenas 
650 0 7 |a první světová válka, 1914-1918  |7 ph126327  |z Československo  |2 czenas 
655 7 |a soupisy  |7 fd133560  |2 czenas 
610 2 7 |a Československé legie  |7 kn20020322444  |2 czenas 
651 7 |a Klatovy (Česko : okres : 1960-)  |7 ge129580  |2 czenas 
856 4 1 |u http://www.digitalniknihovna.cz/mzk/uuid/uuid:cd6cc410-1e93-11e3-9319-005056827e51  |y Digitalizovaný dokument  |x NDK 
910 |a BOA001  |b 4-1105.969 
990 |a BK 
996 6 |b 2610171179  |c 4-1105.969  |l MZK  |r Sklad / do 1 hodiny  |n 1  |p p.v.  |w 000625171  |u 000010  |a 1  |e BOA001  |j MZK50  |s P